[Event "Sigeman & Co 05th"]
[Site "Malmo"]
[Date "1997.06.16"]
[Round "7"]
[White "Rozentalis, Eduardas"]
[Black "Sokolov, Ivan"]
[Result "0-1"]
[WhiteElo "2650"]
[BlackElo "2615"]
[Annotator "Har Zvi,R"]
[PlyCount "104"]
[EventDate "1997.06.10"]
[EventType "tourn"]
[EventRounds "9"]
[EventCountry "SWE"]
[EventCategory "13"]
[SourceTitle "CBM 060"]
[Source "ChessBase"]
[SourceDate "1997.09.29"]
[SourceVersion "1"]
[SourceVersionDate "1997.09.29"]
[SourceQuality "1"]

1. e4 c5 2. c3 Nf6 3. e5 Nd5 4. Nf3 e6 5. d4 cxd4 6. cxd4 b6 7. Nc3 Nxc3 8.
bxc3 Qc7 9. Bd2 Bb7 10. Bd3 d6 11. O-O Nd7 12. Re1 (12. Bf4 Be7 13. Re1 (13.
exd6 Bxd6 14. Bxd6 Qxd6 15. Ng5 Nf6 16. Qa4+ Bc6 17. Bb5 Bxb5 18. Qxb5+ Qd7 19.
a4 $11 {/=/+ Barlov,D-Jansa,V Vrnjacka Banja 1982 33/211}) 13... O-O 14. Re3 (
14. Rc1 g6 15. Be4 Bxe4 16. Rxe4 dxe5 17. Nxe5 Nxe5 18. Bxe5 Qc6 $11 {/=/+
Thorhallsson,T-Koch,JR Reykjavik 1993}) 14... Bxf3 (14... g6 15. Rc1 dxe5 16.
Nxe5 Nxe5 17. Bxe5 Bd6 18. h4 $13 {Ambroz,J-Jansa,V CSSR (ch) 1982}) 15. Qxf3
g6 16. Rae1 dxe5 17. dxe5 Rfd8 18. Bh6 Rac8 19. Qf4 Nxe5 20. Ba6 Nc4 21. Re4
Nd6 $15 {/-/+ Sariego,W-Estevez,M.G Sagua la Grande 1987 44/179 [Estevez,G]})
12... dxe5 (12... Be7 13. Bg5 Bxg5 (13... Qd8 14. Bf4 Bxf3 $6 15. Qxf3 dxe5 $6
16. dxe5 O-O 17. Rad1 Qc7 18. Bxh7+ Kxh7 19. Qd3+ $16 {Smagin,S-Dizarevic,E
Zenica 1987 43/182 [Smagin,S]}) 14. Nxg5 dxe5 15. Qh5 Nf6 16. Qh3 {in his
analysis in informator 43 Smagin writes 16.Nxe6 Qc6 17.d5 and gives a
variation which white wins,only that after 17...Qxe6 white is losing!!after 16.
..Qc6 white must play 17.Nxg7 Kf8 18.d5...} e4 17. Nxe4 Nxe4 18. Bxe4 Bxe4 19.
Rxe4 O-O $15 {[%csl Ra2,Rc3] Wach,M-Landenbergue,C Ptuj zt 1995}) 13. dxe5 (13.
Nxe5 Nxe5 14. Rxe5 Bd6 15. Bb5+ {is the main line,but that's already another
story,but it seems black should not have any serious problems getting an equal
position in this line too}) 13... Be7 14. Nd4 Nc5 (14... a6 15. Qg4 g6 16. Qg3
Nc5 17. Bc2 Bd5 18. a4 Nb7 19. Rab1 Na5 20. Bd3 O-O 21. h4 $40 {Ernst,
T-Cramling,P  Gausdal 1987}) 15. Bc2 (15. Bb5+ Kf8 16. Qg4 h5 $13) 15... h5 $5
{an interesing move which maybe deserves !,black takes both the g4 and h5
squares from white natural squares in this type of position,and at the right
moment this advance pawn may cause white problems on the king's side} 16. a4 a6
17. Qe2 Rd8 18. Rab1 $6 {I think white did not expect black's next move which
is a very interesting one,and seems a very dangerous one,but 18.f4 now would
have prevented black from playing his next move} (18. f4 $142) 18... g5 $5 19.
f3 $6 {after this move black takes the initiative very quickly,with his main
target the e5 pawn} (19. f4 $5 gxf4 20. Bxf4 Rg8 21. g3 h4 22. Qh5 hxg3 23.
hxg3 $140 $13 (23. Bxg3 Nd3 $1 24. Rf1 (24. Bxd3 Qxc3) 24... Nxe5 $17 {/-+})
23... Nd3 24. Qh7 Qxc3 25. Re3 (25. Qxg8+ $6 Kd7 26. Qxf7 Qxd4+ 27. Re3 Nxe5 $1
$17) 25... Qxd4 26. Qxg8+ Kd7 27. Qh7 {when it is difficult to find a good
continuation for black} Nxf4 28. Rd1 Qxd1+ 29. Bxd1 Bc5 30. Qxf7+ $16 {/+-})
19... Rd5 20. Qc4 $6 {this is really a move which I can not understand,on his
next move white finally playes f4 but now he takes his queens from where is
should be on the king's side,to a place when she has no effect at all on
what's going on the king's side!? 20.f4 was again a possible move} Bd8 $1 {
a strong move defending the b6 square,when now black takes the initiative} (
20... Rxe5 21. Rxe5 Qxe5 22. Rxb6 Qc7 23. a5 O-O 24. Be4 Bxe4 25. fxe4 $36 {
[%csl Rc6][%cal Gc4e2]}) 21. f4 (21. Qe2 Nd7 {[%csl Re5]}) 21... gxf4 22. Bxf4
Rg8 {so now white indeed played f4 and opened the "g" file but in a much worse
situation for him than on move 18 and even 19} 23. Re2 (23. Nf3 Rd7 24. Rf1 (
24. Qe2 Qc6 25. Rf1 Nxa4 $17) 24... Ne4 25. Qxc7 Bxc7 26. Bxe4 (26. c4 Nd2 $1
$17) 26... Bxe4 $17) 23... Rg4 24. Rf1 (24. g3 Bg5 25. Bxg5 (25. h3 Bxf4 26.
hxg4 Bxe5 $17 {/-+}) 25... Rxg5 26. Nf3 Rg4 27. Re4 (27. Be4 $2 Rd7 $19) 27...
f5 $1 28. Rf4 (28. exf6 Rxg3+ $1 $19) (28. Rxg4 hxg4 {[%cal Gc7e5]}) 28... Rd7
$1 29. Rf1 Bxf3 30. R1xf3 Qxe5 $19) 24... Bg5 25. Bxg5 $2 {aftre this move
white's king becomes exposed and the e5 pawn becomes very weak,black gets full
control over the game,also after Bg3 black is better but the position still is
less clear} (25. Bg3 Qd7 $36 {[%cal Gh5h4]} (25... h4 $1 26. Nb5)) 25... Rxg5
26. Nf3 Rg4 27. Qa2 (27. Re4 b5 $1 28. axb5 axb5 29. Qxb5+ Bc6 30. Qb1 Nxe4 31.
Bxe4 Rc5 $17) 27... Nd3 $17 {now everything becomes much more clear,black has
the initiative and soon will have a material advantage,winning a pawn} 28. Bxd3
(28. Kh1 Nf4 29. Ref2 Rxe5 $19) 28... Rxd3 29. Ne1 Qc5+ 30. Ref2 Re3 $6 {
is was possible and not very bad to take immediately the pawn on c3,in fact I
do not understand why Sokolov did not play it} (30... Rxc3 31. Kh1 Bd5 32. Qd2
Re3 $17 {/-+}) (30... Rd1 $5) 31. Qd2 Rg7 (31... Qxe5 $2 32. Rxf7 $16) (31...
Rxe5 32. Kh1 Rf5 33. Rxf5 exf5 $17) 32. Kh1 Qxc3 (32... Qxe5 $5) 33. Qxc3 Rxc3
{the position has clearfied,black is a pawn up and seems to have the
initiative,but I am not sure if changing queens was the right decision since
with the queens on the board,it seems white;s king is in great danger,plus
black's queens on e5 seems much better than white;s on d2} 34. Rb2 Rc1 35. Kg1
Rc6 $2 (35... Bd5 $142 {[%cal Gd5c4] well I prefer to have my bishop on d5 and
not b7 before playing Rc6} 36. Nf3 Rc6 (36... Rc4 37. Rxb6 Rxa4 38. Rb8+ Kd7
39. Rb2 a5 $17 {[%csl Gd5]})) 36. h3 (36. Nf3) 36... Rg5 $6 37. Nf3 Rg6 $6 {
these moves Rg5-Nf3-Rg6,I think show that atleast black and probably also
white where in time trouble} 38. Kh2 {this is a move of a time trouble!white
has an interesting move Nh4after black must find a way not to lose most of his
advantage} (38. Nh4 $5 Rg5 (38... Rg7 $6 39. Rfb1 {[%csl Rb6]}) 39. Nf3 Rf5 {
when black still has a nice advantage} (39... Rg8)) 38... Kf8 39. Rff2 (39.
Rfb1 $5 Rc4 40. Ra2 Bd5 41. Rxb6 Re4 42. Rc2 Rxa4 $17) 39... a5 {the idea is
to play Rc4 and after Rxb6 to play Bd5 when there is no pawn on a6} 40. Nd4 Rc4
41. Nb5 (41. Rxb6 $5 Bd5 (41... Rxg2+ $6 42. Rxg2 Bxg2 43. Nxe6+ fxe6 44. Kxg2
Kf7 45. Ra6 Rxa4 46. Kf3 {when this ending seems like a draw}) 42. Nb5 Rxa4 43.
Nc3 $1 Rd4 44. Nxd5 Rxd5 45. Rb8+ Kg7 46. Rb7 {with good drawing chances})
41... Rxa4 42. Nd6 $44 {[%csl Rf8]} Bd5 43. Rxf7+ (43. Rxb6 Rf4 $8 44. Re2 (44.
Rxf4 $2 Rxg2+ 45. Kh1 Rf2+ $19) (44. Rc2 Rg5) 44... a4 $17) (43. Nxf7 Rxg2+ 44.
Rxg2 Bxg2 45. Ng5 (45. Kxg2 Kxf7 46. Rxb6 Rb4 $1 $19 {with Rb5 on the next move
}) 45... Bd5 46. Rxb6 Ke7 $17 {[%csl Ga5]}) 43... Kg8 44. Rff2 $6 (44. Rd7 $142
$5 {[%csl Rg8][%cal Ga7h7]} Rb4 (44... Rg7 45. Rd8+ Kh7 46. Ne8 $13 {[%csl Rb6]
[%cal Ge8f6,Gf6d5]}) 45. Rc2 Rg7 46. Rd8+ Kh7 47. Ne8 Ra7 48. Nf6+ Kg6 49. Nxd5
exd5 50. Rxd5 $13 (50. Rc6+ Kf5 51. Rxd5 Ke4 $17 52. Rcd6 Re7)) 44... Rb4 45.
Rbc2 a4 46. Rc7 $2 (46. Ne8 $1 Rc4 $8 47. Nf6+ Rxf6 $1 (47... Kh8 48. Rce2 $13)
48. exf6 Rxc2 49. Rxc2 a3 $3 {maybe I was little bit carried away giving this
move !! but this is really the only way to win,because of on small thing which
we will see} 50. g4 (50. Rc7 a2 51. Ra7 h4 {this is it,because of this move
black wins the game} (51... b5 52. g4 hxg4 53. hxg4 e5 (53... b4 54. g5) 54. g5
Bf7 55. g6 Bxg6 56. Rxa2) 52. g4 hxg3+ 53. Kxg3 b5 54. f7+ (54. h4 b4 55. h5 b3
56. h6 e5 $19) 54... Kf8 55. Kf4 b4 56. Ke5 b3 57. Kf6 e5 $19 {[%cal Gd5f7]})
50... hxg4 51. hxg4 a2 52. Rc1 Kf7 53. g5 Kg6 $1 {this is the key veariation
in the variation,white will not have the chance to play Rc7-Ra7 the game is
over} 54. Kg3 b5 55. Kg4 b4 56. Rc7 Bf3+ 57. Kf4 e5+ {the end} (57... a1=Q $4
58. Rg7+ Kh5 59. Rh7+ Kg6 60. Rg7+ $11)) 46... a3 47. Ne8 (47. Rc8+ Kh7 48.
Rc7+ Rg7 49. Nf7 {white wants to make draw after Ng5 Kh6 and Nf7 back} Rc4 $1
50. Rd7 (50. Ra7 Rc3 {[%cal Gc3g3] now there is no check on the last rank})
50... Rc8 $19 {[%cal Ga8h8]}) 47... Rf4 $1 $19 {this is the move I believe
white missed,but this is quite a lot to miss} 48. Rfc2 a2 49. Ra7 Rf7 50. Ra6
Rf1 51. Rcxa2 Bxa2 52. Rxa2 Rg5 0-1

[Event "Hamburg HSK"]
[Site "Hamburg"]
[Date "1996.??.??"]
[Round "5"]
[White "Heinemann, Thies"]
[Black "Chekhov, Valery A"]
[Result "1/2-1/2"]
[WhiteElo "2420"]
[BlackElo "2535"]
[Annotator "Har Zvi,R"]
[PlyCount "48"]
[EventDate "1996.10.03"]
[EventType "tourn"]
[EventRounds "9"]
[EventCountry "GER"]
[EventCategory "9"]
[SourceTitle "CBM 056"]
[Source "ChessBase"]
[SourceDate "1997.02.01"]
[SourceVersion "1"]
[SourceVersionDate "1997.02.01"]
[SourceQuality "1"]

1. e4 c5 2. Nf3 e6 3. c3 Nf6 4. e5 Nd5 5. d4 cxd4 6. Qxd4 Nc6 7. Qe4 f5 8. exf6
Nxf6 9. Qh4 d5 (9... Qa5 10. Bg5 Be7 11. Nbd2 Ne5 (11... O-O 12. Bd3 Ne5 13.
Bc2) 12. Qd4 Nc6 13. Qh4 Ne5 14. O-O-O $1 (14. Nxe5 Qxe5+ {30/313}) 14... Nf7 (
14... Nxf3 15. Nxf3 Qxa2 16. Bd3 $40) (14... Ng6 15. Qg3 Nh5 16. Qg4 Nf6 17.
Bxf6 gxf6 18. Bd3 f5 19. Qh5 $16) 15. Nb3 $1 Qc7 (15... Qxa2 $2 16. Kc2 $1 $18
{XQa2}) 16. Bd3 $16 {Becerra Rivero,J-Livshits,R Moskva (ol) 1995 63/125 
[Becerra Rivero,J; Moreno,A]}) (9... Be7 10. Bd3 O-O 11. Bg5 Rf7 (11... h6))
10. Bd3 Bd6 11. Bg6+ (11. Bg5 e5 12. Bg6+ Ke7 13. Bh5 Qb6 14. Bxf6+ gxf6 15.
Qg3 Kf8 16. Nbd2 Rg8 17. Qh4 Be7 18. O-O-O Qa6 $17 {Mufic Goran-Kozul,Z Pula
TT 1994}) 11... Ke7 (11... Kd7 12. Bc2 Kc7 13. Nd4 (13. O-O h6 14. Na3 a6 15.
Qa4 Bd7 16. c4 g5 17. cxd5 Nxd5 18. Bd2 Qf6 $36 {Trabert,B-Ghitescu,T Val
Thorens 1989}) 13... a6 14. O-O e5 15. Nf5 (15. Nxc6 bxc6 16. c4) 15... Bxf5
16. Bxf5 h6 17. Be3 Qe7 $40 {Alburt,L-Schmidt,O Cup URS Dnepropetrovsk 
(Ukraine) 1970}) 12. Bc2 e5 (12... h6 13. Bg6 e5 (13... Bd7 14. Bf4 e5 15. Bg3
Be8 16. Bxe8 Rxe8 17. Qa4 Kf7 18. O-O e4 19. Nd4 Bxg3 20. hxg3 Qb6 $15 {
/-/+ Novopashin,A-Sveshnikov,E SSSR (ch I) 32/208}) 14. O-O e4 15. Nd4 Ne5 16.
Bf5 g5 17. Qh3 Bc5 18. Be3 Bxd4 19. Bxd4 Ng6 $13 {Barlov,D-Kuzul,Z JUG-ch 1989}
) 13. Qg5 (13. Bg5 Qb6 14. Bb3 Be6 15. O-O h6 16. Bxf6+ gxf6 17. Nbd2 Rag8 $40
{Michel Yunis Christian D-Palac Mladen Val Maubuee 1990}) 13... Kf7 14. Nbd2 e4
15. Ng1 (15. Nh4 Ne7 $1 {Xg6,with the idea h6-g5}) (15. Nd4 Nxd4 16. cxd4 Qc7
$1 17. Bb3 Bf4 18. Qh4 (18. Bxd5+ Kf8) 18... h6 {Xh4} 19. Nc4 Bxc1 20. Rxc1
dxc4 21. Rxc4 Qa5+) 15... h6 $6 (15... Ne5 $1 {this seems like a very
dangerous move,I do not believe white's position is playable,in the game black
helped white,but really this is a terrible position I do not know what can
white do after Ne5} 16. Ne2 (16. f3 Qb6 $1 17. Nb3 exf3 18. gxf3 (18. Nxf3
Nxf3+ 19. gxf3 Re8+ 20. Kd1 Qf2 21. Nd4 Bc5 $17 {/-+}) 18... Qxg1+ $17 {
with an extra pawn} (18... Re8 $40)) 16... Nd3+ 17. Bxd3 exd3 18. Ng3 h6 19.
Qh4 Bg4 {XQh4,with g5}) 16. Qe3 Re8 $1 17. h3 (17. Ne2 $2 Ng4 18. Qh3 Nxf2 $19)
17... b6 (17... d4 18. cxd4 Nb4 19. Bb3+ Kf8 $44) 18. Nb3 Ba6 19. Bd2 (19. Ne2
Ne5 20. O-O $2 Nf3+ $1 21. gxf3 exf3 22. Qxf3 Bxe2 $19) 19... Ne5 20. O-O-O Qc7
(20... Nd3+ 21. Kb1 (21. Bxd3 $2 exd3 $1 22. Qf3 (22. Qd4 $4 Re4) 22... Kg8 {
XNg1})) 21. Kb1 Rac8 22. Nd4 Nc4 23. Qe1 e3 $6 (23... Nxd2+ $15 {/-/+}) 24. Bc1
(24. fxe3 $4 Bg3 25. Qe2 Na3+) (24. Bxe3 Rxe3 $1 25. fxe3 Bg3 26. Qe2 Na3+ 27.
bxa3 Bxe2 28. Ngxe2 Bf2 $19) 24... Bf4 (24... Bf4 25. Nge2 exf2 26. Qxf2 Bxc1
27. Rxc1 $13) 1/2-1/2

[Event "EU-Cup 13th final"]
[Site "Kazan"]
[Date "1997.12.28"]
[Round "1"]
[White "Zifroni, Dov"]
[Black "Wojtkiewicz, Aleksander"]
[Result "1-0"]
[WhiteElo "2500"]
[BlackElo "2575"]
[Annotator "Har Zvi,R"]
[PlyCount "75"]
[EventDate "1997.12.28"]
[EventType "team-k.o."]
[EventRounds "4"]
[EventCountry "RUS"]
[SourceTitle "EXT 2020"]
[Source "ChessBase"]
[SourceDate "2019.10.17"]
[SourceVersion "1"]
[SourceVersionDate "2019.10.17"]
[SourceQuality "1"]
[WhiteTeam "Herzliya Chess Club"]
[BlackTeam "Warszawa Polonia"]
[WhiteTeamCountry "ISR"]
[BlackTeamCountry "POL"]

1. e4 c5 2. c3 Nf6 3. e5 Nd5 4. d4 cxd4 5. Qxd4 e6 6. Nf3 Nc6 7. Qe4 d6 8. Bb5
Bd7 9. c4 Nb6 (9... Nc7 10. exd6 Bxd6 11. O-O Qe7 12. Rd1 O-O 13. Nc3 Be8 14.
Ba4 f5 15. Qd3 Bc5 16. Bg5 Qf7 17. Bf4 Rd8 18. Qe2 Nd4 19. Nxd4 Bxa4 20. Nxa4
Bxd4 21. Be5 Bxe5 22. Qxe5 $14 {0-1 Stein,B-Kovalev,A/Gausdal Int 1990/TD
90\05 (44)}) 10. Nc3 (10. exd6 a6 (10... Bxd6 11. O-O (11. Be3 Bb4+ 12. Nbd2 a6
13. Bxc6 Bxc6 14. Qg4 Bxf3 15. Qxg7 Rf8 16. gxf3 Nxc4 17. Rd1 Qd3 $19 {0-1
Romanovich,L-Lingnau,C/Komercni Banka op 1997/EXP 59 (41)}) 11... a6 12. Rd1
Qc7 13. Nc3 O-O (13... Ne5 14. Nxe5 Bxe5 15. c5 axb5 16. cxb6 Qb8 17. Qb4 Bxh2+
18. Kh1 Qe5 19. Qh4 b4 20. Ne4 Bc6 21. Nd6+ Qxd6 22. Rxd6 Bxd6 23. Bf4 Be7 24.
Qg3 O-O 25. Be5 g6 26. Bd6 Bxd6 27. Qxd6 $14 {1-0 Stein,B-Skembris,S/
Dortmund-B 1990/CBM 18 (65)}) 14. Be3 Nc8 15. c5 Bxh2+ 16. Nxh2 axb5 17. Nxb5
Qa5 18. a4 Be8 19. Ng4 Qb4 20. Qxb4 Nxb4 21. Nc7 Rxa4 22. Rxa4 Bxa4 23. Rd4 {
1-0 De la Villa Garcia,J-Sion Castro,M/Zaragoza op-A 1995/EXT 95op}) 11. Bg5
Qb8 12. Bxc6 Bxc6 13. Qd4 Nd7 14. Nbd2 Qxd6 15. O-O f6 16. Be3 e5 17. Qg4 Ke7
18. Nh4 Qe6 19. Qh5 Qf7 20. Qe2 Qe6 21. Qh5 Qf7 22. Qe2 Qe6 23. Qh5 {1/2-1/2
Keitlinghaus,L-Hoffmann,M/BL9697 1997/BL9697}) 10... a6 11. Bg5 Qc7 (11... Be7
$5 12. Bxe7 Qxe7 13. Bxc6 Bxc6 14. Qd4 Bxf3 (14... Nc8 15. exd6 Nxd6 16. Qxg7
O-O-O 17. Ne5 Qc7 $5 $36) 15. exd6 (15. gxf3 Nc8 16. Rg1 dxe5 17. Qxe5 Qf6 18.
Qxf6 gxf6 19. Rd1 Ke7 $13) 15... Qf6 16. Qxb6 Bxg2 17. Rg1 Bf3 18. Qe3 $13) 12.
exd6 Bxd6 13. O-O-O O-O (13... f5 14. Qe3 $1 h6 (14... axb5 15. Nxb5 $18) 15.
Bxc6 bxc6 (15... Qxc6 16. Nd4 Qc5 17. Nxe6 Qxe3+ 18. Bxe3 Nxc4 19. Nxg7+ Kf7
20. Rxd6 Nxd6 21. Rd1 $16) 16. c5 Bxc5 17. Qxc5 hxg5 18. Ne5 $16) 14. Be3 f5 (
14... Bb4 $5 15. Ng5 (15. Bxb6 Qxb6 16. Ng5 f5 {transposes to 15.Ng5}) 15... f5
$8 (15... g6 16. Qh4 h5 17. Bxc6 Bxc6 18. c5 $18) 16. Qh4 h6 17. Bxb6 Qxb6 18.
Rxd7 hxg5 19. Qxg5 Be7 $13) 15. Qd3 (15. Qh4 Be7 16. Qg3 f4 17. Bxb6 Qxb6 18.
Qg4 Bc8 19. Bxc6 bxc6 20. Ne5 (20. Rd2 Bb4 $17) 20... Qxf2 21. Rhe1 $44) 15...
Bf4 16. c5 $5 {the begining of a very long and force variation which I am not
sure both players analysed [atleast during the game]} (16. Kb1 Bxe3 (16... axb5
) 17. Bxc6 Bxc6 18. Qxe3 Rae8 $5 (18... Nxc4 19. Qxe6+ Qf7 20. Qxf7+ Rxf7 21.
Rhe1) 19. Qe5 (19. b3 e5 $132) 19... Rf7) 16... Nb4 (16... Bxe3+ 17. Qxe3 (17.
fxe3 Nb4 18. cxb6 Nxd3+ 19. Rxd3 {transposes to the game}) 17... axb5 18. cxb6
Qc8 19. Kb1 b4 20. Nb5 e5 $1 21. Nd6 (21. Nc7 $142 Ra5 22. Qb3+ Kh8 23. Ng5 Be8
24. Nxe8 Qxe8 25. f4 $36) 21... f4 22. Qe4 Bf5 23. Qxf5 Qxf5+ 24. Nxf5 Rxf5 25.
Rhe1 Ra6) 17. cxb6 (17. Qd4 Bxe3+ 18. fxe3 Nxa2+ $19) 17... Nxd3+ 18. Rxd3
Bxe3+ (18... Qxc3+ $5 19. Rxc3 Bxe3+ 20. Rxe3 axb5 $36 {[%cal Ga8a1,Gd7c6]})
19. fxe3 Bxb5 (19... Qxc3+ 20. Rxc3 $1 axb5 21. Ne5 $1 Rxa2 (21... b4 22. Rc7)
22. Nxd7 Ra1+ 23. Kc2 Rxh1 24. Nxf8 Kxf8 25. Rc7 Rxh2 26. Rxb7 Rxg2+ 27. Kd3
$18) 20. bxc7 Bxd3 21. Rd1 {here is the critical position after white's 16
move,black simply gives his bishop after his position is quite lost,but of
course it was necessary to analyse a bishop retreat} Rac8 $2 (21... Bb5 22.
Nxb5 (22. Ne5 Be8 $1 23. Rd8 Bh5 24. Rd7 Rac8 $17 {/-+}) (22. Nd4 Bc4 $1 (22...
Bd7 23. Nxf5) 23. b3 Bd5 $17) 22... axb5 23. Ne5 {[%csl Gc7,Ge5] this is the
critical position!white has his strong "c7" pawn and the knight on "e5" takes
the control over the important "f7" square,it seems to me that black has reall
no plan to free himself} f4 {I think this is maybe the only why to get some
play} 24. e4 $1 (24. exf4 Rxf4 25. Rd8+ Rf8 26. Rd7 Rf5 $11) 24... Rxa2 25. Rd8
Ra8 26. Rd7 {and again it is very difficult to see a plan for black}) (21...
Bc4 $1 {probably this was black's best continuation when it's not clear if
white has more than a draw} 22. Ne5 (22. Rd7) 22... Bd5 23. Nd7 $1 (23. Nxd5
exd5 24. Rxd5 Rae8 $1 25. Rc5 (25. Nc4 Re7 26. Rc5 Rc8) 25... b6 26. Rc6 Rc8 {
[%cal Gf8e8,Ge8e7]}) 23... Rac8 24. Nxf8 Kxf8 25. Nxd5 exd5 26. Rxd5 Rxc7+ 27.
Kd2 g6 $11) 22. Rxd3 Rxc7 23. Rd6 Re8 24. Kd2 $16 {white has hugh,he has a
slight material advantage,but black's pawn structure is very bad,the "e6" pawn}
h6 (24... e5 25. e4) 25. e4 $1 {[%cal Ge4e5]} fxe4 (25... Kf7) 26. Nxe4 Rec8
27. Nc3 Kf7 28. Nd4 Re8 (28... e5 29. Nf5) 29. Ke3 Ree7 30. Rb6 Rc5 31. Ne4 Re5
32. Nf3 Ra5 (32... Rd5 33. Nd6+ Kf6 34. Nxb7 $18) 33. Nd6+ Kf8 34. a3 $1 $18 {
there is no reason for white to change pawns in this positioh,since any way
the b7 pawn is lost} Rc5 (34... Rd5 35. Nxb7 Rc7 36. Nd6 Ke7 37. Ne4) 35. Nxb7
Rc2 36. g3 (36. Nd6 g5 37. g3) 36... e5 37. Nd6 a5 $4 {this move now changes
nothing but it tells us that black was in a very serious time trouble during
the last moves he played} 38. Rb8+ 1-0